Football Shirt Numbers by Position - Statistics

General Stats
  • This quiz has been taken 124 times
  • The average score is 8 of 11
Answer Stats
Hint Answer % Correct
1 Goalkeeper
100%
2 Right Back
89%
9 Centre Forward
77%
4 Centre Back
75%
3 Centre Back
74%
6 Defensive Midfielder
73%
7 Left/Right Winger
73%
5 Left Back
72%
11 Left/Right Winger
70%
10 Attacking Midfielder
68%
8 Centre Midfielder
67%
No matching quizzes found
Score Distribution
Percent of People with Each Score
Percentile by Number Answered
Your Score History
You have not taken this quiz